نرم گرم / (Record no. 174325)

MARC details
000 -LEADER
fixed length control field 00526nam a22001937a 4500
005 - DATE AND TIME OF LATEST TRANSACTION
control field 20200605121405.0
010 ## - LCCN (DPL NO)
LC control number 133333
020 ## - INTERNATIONAL STANDARD BOOK NUMBER
Terms of availability 4.50
035 ## - SYSTEM CONTROL NUMBER
System control number 133333
037 ## - SOURCE OF ACQUISITION
Source of stock number/acquisition BPPD/Pub.
082 ## - DEWEY DECIMAL CLASSIFICATION NUMBER
Classification number 847
100 ## - MAIN ENTRY--PERSONAL NAME
Personal name کپور، کنھیا لال
245 ## - TITLE STATEMENT
Title نرم گرم /
Statement of responsibility, etc کنھیا لال کپور
246 ## - VARYING FORM OF TITLE
Title proper/short title Naram Garam /
Remainder of title by Kanhaiya Lal Kapoor
260 ## - PUBLICATION, DISTRIBUTION, ETC. (IMPRINT)
Place of publication, distribution, etc Delhi
Name of publisher, distributor, etc Lajpatrai
Date of publication, distribution, etc 1957 ء
270 ## - ADDRESS
Address Urdu Bazar
City Delhi
300 ## - PHYSICAL DESCRIPTION
Extent 191p.
Dimensions 19cm(Hb)
942 ## - ADDED ENTRY ELEMENTS (KOHA)
Source of classification or shelving scheme Dewey Decimal Classification
Item type Urdu Bks
Classification part 847
Call number suffix ک پ و
Holdings
Withdrawn status Lost status Not for loan Collection code Home library Current library Date acquired Source of acquisition Full call number Barcode Copy number Koha item type
      Non-fiction Central Library Central Library 05/06/2020 BPPD/Ven. 847 ک پ و 133333 1 Urdu Bks

© Delhi Public Library
Hit Counter
free hit counter